Reflection methods and activities for service learning : (Record no. 589724)
[ view plain ]
| 000 -LEADER | |
|---|---|
| fixed length control field | 01203cam a2200349 a 4500 |
| 001 - CONTROL NUMBER | |
| control field | 16291190 |
| 003 - CONTROL NUMBER IDENTIFIER | |
| control field | NUST |
| 005 - DATE AND TIME OF LATEST TRANSACTION | |
| control field | 20220516141923.0 |
| 008 - FIXED-LENGTH DATA ELEMENTS--GENERAL INFORMATION | |
| fixed length control field | 100618s2007 iaua b 001 0 eng d |
| 010 ## - LIBRARY OF CONGRESS CONTROL NUMBER | |
| LC control number | 2010279824 |
| 020 ## - INTERNATIONAL STANDARD BOOK NUMBER | |
| International Standard Book Number | 9780757545467 |
| 020 ## - INTERNATIONAL STANDARD BOOK NUMBER | |
| International Standard Book Number | 0757545467 |
| 035 ## - SYSTEM CONTROL NUMBER | |
| System control number | (OCoLC)ocn176898057 |
| 038 ## - RECORD CONTENT LICENSOR | |
| Staff Name | Arshad |
| 040 ## - CATALOGING SOURCE | |
| Original cataloging agency | BTCTA |
| Transcribing agency | BTCTA |
| Modifying agency | BAKER |
| -- | ERE |
| -- | DLC |
| 042 ## - AUTHENTICATION CODE | |
| Authentication code | lccopycat |
| 050 00 - LIBRARY OF CONGRESS CALL NUMBER | |
| Classification number | LB1027.23 |
| Item number | .B69 2007 |
| 082 ## - DEWEY DECIMAL CLASSIFICATION NUMBER | |
| Classification number | 378.3 |
| Author Mark | BOW |
| 100 1# - MAIN ENTRY--PERSONAL NAME | |
| Personal name | Bowen, Glenn A. |
| 9 (RLIN) | 6708 |
| 245 10 - TITLE STATEMENT | |
| Title | Reflection methods and activities for service learning : |
| Remainder of title | a student manual and workbook / |
| Statement of responsibility, etc. | Glenn A. Bowen. |
| 260 ## - PUBLICATION, DISTRIBUTION, ETC. | |
| Place of publication, distribution, etc. | [Dubuque, Iowa] : |
| Name of publisher, distributor, etc. | Kendall/Hunt Pub. Co., |
| Date of publication, distribution, etc. | c2007. |
| 300 ## - PHYSICAL DESCRIPTION | |
| Extent | viii, 111 p. : |
| Other physical details | ill. ; |
| Dimensions | 28 cm. |
| 504 ## - BIBLIOGRAPHY, ETC. NOTE | |
| Bibliography, etc. note | Includes bibliographical references (p. [103]-105) and index. |
| 563 ## - BINDING INFORMATION | |
| Binding note | PBK |
| 650 #0 - SUBJECT ADDED ENTRY--TOPICAL TERM | |
| Topical term or geographic name entry element | Reflective learning. |
| 9 (RLIN) | 6709 |
| 650 #0 - SUBJECT ADDED ENTRY--TOPICAL TERM | |
| Topical term or geographic name entry element | Service learning. |
| 9 (RLIN) | 6710 |
| 650 #0 - SUBJECT ADDED ENTRY--TOPICAL TERM | |
| Topical term or geographic name entry element | Critical thinking. |
| 9 (RLIN) | 4086 |
| 650 #0 - SUBJECT ADDED ENTRY--TOPICAL TERM | |
| Topical term or geographic name entry element | Thought and thinking. |
| 9 (RLIN) | 6711 |
| 906 ## - LOCAL DATA ELEMENT F, LDF (RLIN) | |
| a | 7 |
| b | cbc |
| c | copycat |
| d | 2 |
| e | ncip |
| f | 20 |
| g | y-gencatlg |
| 942 ## - ADDED ENTRY ELEMENTS (KOHA) | |
| Source of classification or shelving scheme | |
| Koha item type | Book |
| Withdrawn status | Lost status | Source of classification or shelving scheme | Damaged status | Not for loan | Permanent Location | Current Location | Shelving location | Date acquired | Total Checkouts | Full call number | Barcode | Date last seen | Price effective from | Koha item type |
|---|---|---|---|---|---|---|---|---|---|---|---|---|---|---|
| Central Library (CL) | Central Library (CL) | Education | 05/16/2022 | 378.3 BOW | CL3248 | 05/16/2022 | 05/16/2022 | Book | ||||||
| Central Library (CL) | Central Library (CL) | Education | 05/16/2022 | 378.3 BOW | CL3253 | 05/16/2022 | 05/16/2022 | Book |
